000 00598cam a22002053a 4500
001 44588
003 PGUSA
005 20140828084022.0
008 140104s2014||||xxu|||||s|||||000 | eng d
040 _aPGUSA
_beng
042 _adc
100 1 _aShorthouse, John Henry
245 1 0 _aJohn Inglesant (Volume II of 2) :
_bA Romance
_h[electronic resource] /
_cJohn Henry Shorthouse
260 _bProject Gutenberg,
_c2014
506 _aPublic domain in the USA.
516 _aElectronic text
830 0 _aProject Gutenberg
_v44588
856 4 0 _uhttp://www.gutenberg.org/ebooks/44588
942 _cEB
999 _c273839
_d273839